000 00744cam a2200289 i 4500
001 768714001
003 CO-MdFUSB
005 20250527150814.0
007 ta
008 250527t1962 -us||||| |||| 00| 0 eng d
040 _cCO-MdFUSB
041 0 _aeng
082 0 4 _223
_a248.4
_bS218o
100 1 _aSanders, J. Oswald
_eautor
245 1 0 _aOn to maturity
_c/ J. Oswald Sanders
264 1 _bMoody Press,
_aChicago, USA :
_c[1962]
264 4 _c©1962
300 _a222 páginas
336 _atexto
_btxt
_2rdacontent
337 _2rdamedia
_asin mediación
_bn
338 _2rdacarrier
_avolumen
_bnc
563 _aPasta dura
650 0 _aVida cristiana
_919
942 _cBK
945 _aMiguel Gómez
999 _c35960
_d35960